Dentest clinical sciences (Record no. 34921)

MARC details
000 -LEADER
fixed length control field 00390nam a2200157 4500
020 ## - INTERNATIONAL STANDARD BOOK NUMBER
International Standard Book Number 9788181915238
082 ## - DEWEY DECIMAL CLASSIFICATION NUMBER
Classification number 617.6
Item number D19S
100 ## - MAIN ENTRY--PERSONAL NAME
Personal name Shankar, Gowri
245 ## - TITLE STATEMENT
Title Dentest clinical sciences
260 ## - PUBLICATION, DISTRIBUTION, ETC. (IMPRINT)
Place of publication, distribution, etc Hyderabad
Name of publisher, distributor, etc Paras Medical Publisher
Year of Publication 2019
300 ## - PAGE DESCRIPTION
No. of Pages V.1-904, V.2-1958
653 ## - KEYWORDS--INDEX TERM
Keyword term Dentistry
700 ## - ADDED ENTRY--PERSONAL NAME
Personal name Shenvi, Suresh
942 ## - ADDED ENTRY ELEMENTS (KOHA)
Source of classification or shelving scheme Dewey Decimal Classification
Koha item type Books
Holdings
Withdrawn status Lost status Source of classification or shelving scheme Damaged status Not for loan Home library Current library Date acquired Volume Information (Serial or Books or Non-Book Material) SGTU Total Checkouts Full call number Accession No. (Barcode) Date last seen Bill Date Koha item type
    Dewey Decimal Classification     SGT Dental Library SGT Dental Library 02/06/2026 1 SGTU   617.6 D19S FD10210 02/06/2026 02/06/2026 Books
    Dewey Decimal Classification     SGT Dental Library SGT Dental Library 02/06/2026 2 SGTU   617.6 D19S FD10211 02/06/2026 02/06/2026 Books